Normal view
MARC view
- Anspaugh, David J, Hamrick, Michael H, Rosato, F.D
Entry Personal Name
001 - CONTROL NUMBER
- control field: 62665
003 - CONTROL NUMBER IDENTIFIER
- control field: NUST
005 - DATE AND TIME OF LATEST TRANSACTION
- control field: 20210628202955.0
008 - FIXED-LENGTH DATA ELEMENTS
- fixed length control field: 210628|| aca||aabn | a|a d
040 ## - CATALOGING SOURCE
- Original cataloging agency: NUST
- Transcribing agency: NUST
100 ## - HEADING--PERSONAL NAME
- Personal name: Anspaugh, David J, Hamrick, Michael H, Rosato, F.D
670 ## - SOURCE DATA FOUND
- Source citation: Work cat.: (NUST): Anspaugh, David J, Hamrick, Michael H, Rosato, F.D, Wellness, concepts and applications, 2003
